Catalog

Record Details

Catalog Search



Seelsorge als Gespräch  Cover Image Book Book

Seelsorge als Gespräch / Joachim Scharfenberg

Record details

  • Physical Description: 149 S.
  • Edition: 2. unveränderte Aufl.
  • Publisher: Göttingen Vandenhoeck und Ruprecht 1974

Available copies

  • 1 of 1 copy available at Common Catalog SPOK.

Holds

  • 0 current holds with 1 total copy.
Show All Copies
Location Call Number / Copy Notes Barcode Shelving Location Status Due Date
ETS Library 253.5 424470005863 Volný výběr Available -

LDR 00624nam a2 00229
00144171
003CZ-PrJAB
00520031121000000.0
008031121s1974 xr e |||| |ger
009ge
035 . ‡a(CONS)8184
035 . ‡aKPS5603
041 . ‡ager
08214. ‡a253.5
100 . ‡72596 ‡aScharfenberg, Joachim
245 . ‡aSeelsorge als Gespräch / ‡cJoachim Scharfenberg
250 . ‡a2. unveränderte Aufl.
260 . ‡aGöttingen ‡bVandenhoeck und Ruprecht ‡c1974
300 . ‡a149 S.
653 . ‡aSeelsorge als Gespräch
8524 . ‡bETS ‡bETS ‡cVolný výběr ‡j253.5 ‡gA ‡p424470005863
910 . ‡aABG450
999 . ‡a8184 ‡bAUTOGEN ‡c8184 ‡tbiblio
905 . ‡uadmin
901 . ‡a44171 ‡b ‡c44171 ‡tbiblio ‡sets

Additional Resources